All Man's Best Friend Songs - Sabrina Carpenter - Statistics

General Stats
  • This quiz has been taken 79 times
  • The average score is 12 of 13
Answer Stats
Track No. Song % Correct
1 Manchild
100%
12 Goodbye
95%
11 House Tour
95%
2 Tears
95%
9 Go Go Juice
93%
6 Nobody's Son
93%
10 Don't Worry I'll Make You Worry
91%
8 When Did You Get Hot?
91%
3 My Man on Willpower
89%
5 We Almost Broke Up Again Last Night
89%
7 Never Getting Laid
87%
4 Sugar Talking
87%
Bonus Such A Funny Way
60%
No matching quizzes found
Score Distribution
Percent of People with Each Score
Percentile by Number Answered
Your Score History
You have not taken this quiz